One Piece- Warlord crews - Statistics

General Stats
  • This quiz has been taken 108 times
  • The average score is 56 of 77
Answer Stats
Hint Answer % Correct
Strongest Swordsman Dracule Mihawk
98%
Paw-Paw fruit Bartholomew Kuma
97%
Pirate empress Boa Hancock
97%
Clown Buggy
91%
Op-Op fruit Trafalgar D. Water Law
91%
Desert King, Mr.0 Crocodile
90%
First Son of the Sea Jinbe
90%
Holds Two devil fruitpowers Marshall D. Teach
90%
Former Sun pirate,Forms his own crew Arlong
86%
Mink Bepo
86%
String-String fruit Donquixote Doflamingo
86%
Former* Ms all Sunday Nico Robin
86%
"son" of whitebeard Edward Weevil
84%
Clone-Clone fruit, Mr 2 Bon Clay
83%
Dice-Dice fruit Daz Bones
83%
Wax-Wax fruit Galdino
83%
Brother of the former Donquixote Rosinante
81%
Shadow-Shadow fruit Gecko Moria
81%
Stick-Stick fruit Trebol
81%
Smooth-Smooth fruit Alvida
79%
Kilo-Kilo fruit Miss Valentine
79%
Hollow-Hollow fruit Perona
79%
Stone-Stone fruit Pica
79%
Swim-Swim fruit Senor Pink
79%
Clear-Clear fruit Absalom
78%
Strong-Strong fruitChampion Jesus Burgess
78%
Former admiral Kuzan
78%
Snow-Snow fruit Monet
78%
Bomb-Bomb fruit Mr 5
78%
Zombie, Ancient Giant Oars
78%
Arms-Arms fruit Baby 5
76%
Ripple-Ripple fruit Diamante
76%
Mole-Mole fruit Miss Merry Christmas
76%
Zombie, AncientSwordsman Shimotsuki Ryuma
76%
Hobby-Hobby fruit Sugar
76%
"wife" of whitebeard Buckingham Stussy
74%
Octopus Fishman Hatchan
74%
Doctor Hogback
74%
Former Impel Downjailer Shiryu
74%
Gorgon sister Boa Sandersonia
72%
Elderly Man Lao G
72%
Painter Miss goldenweek
72%
"Catcher-Killer" Mr 4
72%
Heavy Drinker Vasco Shot
72%
Gorgon sister Boa Marigold
71%
Spin-Spin fruit Buffalo
71%
Acrobat Cabaji
71%
Fishman-human hybrid Dellinger
71%
Supersonic, sniper Van Augur
71%
Subordinate* Spring-Spring fruit Bellamy
69%
Subordinate*, Gas-Gasfruit Caesar Clown
69%
Colossal Battleship Sanjuan Wolf
69%
Corrupt King Avalo Pizarro
67%
Death God Doc Q
67%
Spike-Spike fruit Miss doublefinger
67%
Heart pirates crewmate Penguin
67%
lion Richie
67%
New corazon, "demonbamboo" Vergo
67%
Pop-Pop fruit Gladius
66%
Zombie, DrunkenCaptain John
66%
Demon Sheriff Laffitte
66%
Beast tamer Mohji
66%
Undercover Nefertari Vivi
66%
Ton-Ton fruit Machvise
64%
Pegasus Stronger
64%
Second daughter ofKing Riku Violet
64%
Crescent Moon Hunter Catarina Devon
62%
Eventual Arlong pirate Chew
59%
Art-Art fruit Giolla
59%
Former Slave Jean Bart
57%
Eventual Arlong pirate Kuroobi
53%
Defeated by Ace Hanafuda
52%
Merman Aladine
48%
Daughter of big mom,Mermaid Charlotte Praline
48%
Heart pirates crewmate Shachi
48%
Snake companion Salome
31%
Zombie, former RocksPirate Ganzui
28%
No matching quizzes found
Score Distribution
Percent of People with Each Score
Percentile by Number Answered
Your Score History
You have not taken this quiz